000
00294nam a22001097a 4500
082
_a
621.381 DUM'E
100
_a
LEE, LOW. L,BRUNETTI, C,DUMMER, G. W. A
_9
57115
245
_a
ELECTRONIC EQUIPMENT DESIGN AND CONSTRUCTION
260
_a
NEWYORK
_b
MCGRAW HILL
_c
1961
300
_a
241P
942
_c
BK
999
_c
567414
_d
567414